000 00404nam a2200097Ia 4500
008 160725s9999 xx 000 0 und d
100 _aDe Leon, Ma. Astrid M.
245 _aCurriculum design and development within the current Philippine landscape: Southville International School and Colleges- College of Nursing
260 _bKaizen Research Journal College of Nursing
_cSeptember 2012
650 _aNURSING
999 _c298019
_d298019